Figuras i descripciones de los Murídeos de Chile, por el Dr. R. A. Philippi, con 25 láminas
Wedi'i Gadw mewn:
| Prif Awdur: | |
|---|---|
| Awdur Corfforaethol: | |
| Fformat: | Llyfr |
| Iaith: | Sbaeneg |
| Cyhoeddwyd: |
Santiago
Museo Nacional de Chile
1900
|
| Rhifyn: | 1a. ed |
| Cyfres: | Anales del Museo Nacional de Chile
|
| Pynciau: | |
| Tagiau: |
Ychwanegu Tag
Dim Tagiau, Byddwch y cyntaf i dagio'r cofnod hwn!
|
MARC
| LEADER | 00000nam a2200000 a 4500 | ||
|---|---|---|---|
| 001 | UCJ8623 | ||
| 003 | CL-VaPUC | ||
| 008 | 070124e19000000CL |||||||||||||||||spa|d | ||
| 082 | 0 | 4 | |a 591 |b PHI |2 21 |
| 100 | 0 | |a Philippi, Rodulfo Amando |e author |9 505016 | |
| 110 | 2 | |a Museo Nacional de Chile. Primera Sección: Zoología. Entrega 14 |e author |9 517490 | |
| 245 | 1 | 0 | |a Figuras i descripciones de los Murídeos de Chile, por el Dr. R. A. Philippi, con 25 láminas |
| 250 | |a 1a. ed | ||
| 300 | |a 70, xxv p | ||
| 942 | |c BK | ||
| 945 | |d 20070124 00:00:00 |a rinostro | ||
| 260 | |a Santiago |b Museo Nacional de Chile |c 1900 | ||
| 500 | |a 25 láminas fuera de texto. Formato .34x.28 m | ||
| 650 | 0 | |a Fauna chilena |9 505069 | |
| 650 | 0 | |a Ilustraciones |9 369481 | |
| 650 | 0 | |a Roedores |9 399943 | |
| 583 | |a last modification |c 20070124 00:00:00 |k Rodrigo Vera | ||
| 490 | 0 | |a Anales del Museo Nacional de Chile | |
| 999 | |c 324293 |d 324291 | ||
| 952 | |0 0 |1 0 |4 0 |6 591_000000000000000_PHI_1900 |7 0 |8 X |9 404377 |a FDOBUD |b FDOBUD |d 2019-11-22 |i 1081403 |o 591 PHI 1900 |p 1081403 |r 2019-11-22 |w 2019-11-22 |y BK_X |k BUD | ||
| 952 | |0 0 |1 0 |4 0 |6 591_000000000000000_PHI_1900 |7 0 |8 X |9 404378 |a FDOBUD |b FDOBUD |d 2019-11-22 |i 1081454 |o 591 PHI 1900 |p 1081454 |r 2019-11-22 |w 2019-11-22 |y BK_X |k BUD | ||